000 00721nam a22002177a 4500
003 0
005 20241118125451.0
008 241118b xxu||||| |||| 00| 0 eng d
020 _a9781526488688
050 _aLB 1028.5
_b.B53 2022
100 _aBlannin, Joanne,
_eauthor.
245 _aBeginning teaching with digital technology /
_cJoanne Blannin.
260 _aLondon :
_bSAGE Publications Ltd,
_cc2022.
300 _aviii, 182 p. ;
_c24 cm.
504 _aIncludes bibliographical references and index.
650 _aComputer-assisted instruction.
650 _aTeaching
_vAids and devices.
650 _aEducation
_vEffect of technological innovations on.
650 _aEducational technology.
942 _2lcc
_cBK
999 _c366745
_d366745